000 00645nam a2200277Ia 4500
005 20260324114305.0
008 008 260324s9999 xx 000 0 eng d
020 _a9781003431343
037 _aEBOOK
040 _aCRL
040 _beng
040 _cCRL
041 _2eng
041 _aeng
084 _qCRL
100 _aTim Fulford
_91145683
245 0 _aRobert Southey Lives of Labouring-Class Poets
260 _bTaylor and Francis
260 _c2023
365 _a
365 _b195
856 _uhttp://www.taylorfrancis.com/books/9781003431343
942 _cEBOOK
999 _c1740283
_d1740283